| 000 | 01476nam a2200373 c 4500 | ||
|---|---|---|---|
| 003 | BLK | ||
| 005 | 20241104134645.0 | ||
| 008 | 180408b bul|||||r ||||||| ||bul|| | ||
| 010 | _aKNG00098810000 | ||
| 020 |
_a978-954-26-0886-8 _bиздат.: Хермес |
||
| 040 | _aBLK | ||
| 041 |
_aBUL _cBUL |
||
| 072 | 7 |
_2bullib _aН82 _xЛитературознание Н |
|
| 080 |
_aБългарска литература _b821.163.2 _x.09 _z821.163.2.09 |
||
| 100 |
_aЕфтимов, Йордан Симеонов _9370243 |
||
| 139 |
_aЕфтимов, Йордан Симеонов _bЕ 97 |
||
| 245 | 1 | 0 |
_aДвойното дъно на класиката _bОт Ботев и Вазов до Йовков и Далчев _cЙордан Симеонов Ефтимов. |
| 257 | _aBGR | ||
| 260 |
_аПловдив _bХермес _c2010 _fХасково : Полиграфюг |
||
| 300 |
_a184 с. _c20 см |
||
| 380 | _a82 | ||
| 500 | _aБиблиогр. под линия. | ||
| 650 | 4 |
_aБългарска литература - теми, образи, сюжети _9242409 |
|
| 653 | _aбългарска литература | ||
| 653 | _aлитературна критика | ||
| 653 | _aсюжети | ||
| 659 | _aН | ||
| 852 | _aЦб 250398 | ||
| 856 | 4 |
_qpdf _u |
|
| 856 | 4 |
_qpdf _u |
|
| 942 |
_cKNG _n0 _01 |
||
| 944 |
_aCR _c16.12.2010 _lГеновева Генчева _k30560 |
||
| 944 |
_aED _c06.07.2016 _lф / _kЛюдмила_Стоянова |
||
| 999 |
_c93992 _d93992 |
||